[Event "Rajkot RCPA op 2nd"]
[Site "Rajkot"]
[Date "2019.08.17"]
[Round "8"]
[White "Ziatdinov, Raset"]
[Black "Venkatesan, AN."]
[Result "1-0"]
[WhiteElo "2228"]
[BlackElo "1427"]
[PlyCount "69"]
[EventDate "2019.08.13"]
[EventType "swiss"]
[EventRounds "10"]
[EventCountry "IND"]
[SourceTitle "EXT 2021"]
[Source "ChessBase"]
[SourceDate "2020.10.23"]
[SourceVersion "1"]
[SourceVersionDate "2020.10.23"]
[SourceQuality "1"]

1. e4 e5 2. Nf3 d6 3. d4 exd4 4. Qxd4 Nc6 5. Bb5 Bd7 6. Bxc6 Bxc6 7. Nc3 Nf6 8. Bf4 Be7 9. 0-0-0 0-0 10. Rhe1 Nd7 11. Qe3 Bf6 12. Nd4 Bxd4 13. Rxd4 Re8 14. g4 Qf6 15. g5 Qg6 16. h4 Nc5 17. f3 Re7 18. Rh1 Qe6 19. h5 Rf8 20. Rdd1 a5 21. h6 Rfe8 22. hxg7 b5 23. Rh6 Qc4 24. Qg1 Nxe4 25. fxe4 Bxe4 26. Qd4 Qc6 27. Nxe4 Rxe4 28. Qd3 Qc5 29. Bd2 b4 30. Rdh1 Qf2 31. b3 R8e5 32. Rf6 Qc5 33. Rf4 d5 34. Rxe4 Rxe4 35. Qh3 1-0